Guess the videogame by its HUD - Statistics

General Stats
  • This quiz has been taken 464 times
  • The average score is 9 of 16
Answer Stats
Picture Answer % Correct
Minecraft
98%
Doom
90%
Grand Theft Auto: Vice City
86%
Super Mario 64
80%
Dark Souls
74%
League of Legends
69%
Fallout 3
60%
Dead Space
57%
The Witcher 3
52%
Wolfenstein 3D
50%
Half-Life
48%
Diablo
43%
Bioshock
34%
Metal Gear Solid
27%
Warcraft 3
16%
Lineage 2
2%
No matching quizzes found
Score Distribution
Percent of People with Each Score
Percentile by Number Answered
Your Score History
You have not taken this quiz